00245nam a2200097Ia 4500008004100000100001800041245002500059260004700084300000800131650000800139191201s2014 xx 000 0 und d aKULKARNI, P.V 0aFinancial Management aN. DelhibHimalaya Publication Housec2014 a862 aBBA